书目信息 |
| 题名: |
脚斗士运动
|
|
| 作者: | 吴彦达 主编 | |
| 分册: | ||
| 出版信息: | 北京 人民体育出版社 2009 |
|
| 页数: | 183页 | |
| 开本: | 23cm | |
| 丛书名: | ||
| 单 册: | ||
| 中图分类: | G852.9 | |
| 科图分类: | ||
| 主题词: | 民族形式体育--中国 , 民族形式体育 | |
| 电子资源: | ||
| ISBN: | 978-7-5009-3699-2 | |
| 000 | 00815nam0 2200241 45 | |
| 001 | 1138477328 | |
| 005 | 20110419100333.07 | |
| 010 | @a978-7-5009-3699-2@dCNY25.00 | |
| 100 | @a20110408d2009 em y0chiy0110 ea | |
| 101 | 0 | @achi |
| 102 | @aCN@b110000 | |
| 105 | @aa z 000yy | |
| 106 | @ar | |
| 200 | 1 | @a脚斗士运动@AJiao Dou Shi Yun Dong@f吴彦达主编@FWu Yan Da Zhu Bian |
| 210 | @a北京@c人民体育出版社@d2009 | |
| 215 | @a183页@c彩照,图@d23cm | |
| 330 | @a本书共分8章,包括脚斗士概述、脚斗士运动的身体训练、脚斗士技术与练习、脚斗士战术与练习、脚斗士教学、脚斗士运动训练、脚斗士竞赛临场指挥、脚斗士竞赛与组织。 | |
| 606 | 0 | @a民族形式体育@y中国 |
| 606 | 0 | @a民族形式体育 |
| 690 | @aG852.9@v4 | |
| 701 | 0 | @a吴彦达@AWu Yan Da@4主编 |
| 801 | 0 | @aCN@bTANGWEI@c20110419 |
| 905 | @b0536055-59@dG852.9@e269@f5 | |
| 脚斗士运动/吴彦达主编.-北京:人民体育出版社,2009 |
| 183页:彩照,图;23cm |
| ISBN 978-7-5009-3699-2:CNY25.00 |
| 本书共分8章,包括脚斗士概述、脚斗士运动的身体训练、脚斗士技术与练习、脚斗士战术与练习、脚斗士教学、脚斗士运动训练、脚斗士竞赛临场指挥、脚斗士竞赛与组织。 |
| ● |
| 相关链接 |
|
|
|
|
正题名:脚斗士运动
索取号:G852.9/269
 
预约/预借
| 序号 | 登录号 | 条形码 | 馆藏地/架位号 | 状态 | 备注 |
| 1 | 0536055 | 205360553 | 第一样本阅览室/ [索取号:G852.9/269] | 在馆 | |
| 2 | 0536056 | 205360562 | 第四借阅区/ [索取号:G852.9/269] | 在馆 | |
| 3 | 0536057 | 205360571 | 第四借阅区/ [索取号:G852.9/269] | 在馆 | |
| 4 | 0536058 | 205360580 | 第四借阅区/ [索取号:G852.9/269] | 在馆 | |
| 5 | 0536059 | 205360599 | 第四借阅区/ [索取号:G852.9/269] | 在馆 |